000 01139nam a22002775a 4500
005 20080703100559.0
008 080326s2008 ii b 011 0 eng
010 _aENG-91174
020 _a9788189901462
_c675.00
035 _aEN-74707
037 _bDBAD / PUB
040 _adpl
_bEnglish
082 _a370.1170954
100 _aYadav, Saryug
245 _aLanguage, literature and education /
_cby Saryug Yadav
260 _aDelhi :
_bAcademic Excellence,
_c2008.
270 _a42, Ekta Apartment, Geeta Colony,
_bDelhi
_e110031
300 _avii, 266p.
_c22 cm (Hb)
500 _aIncludes bibliographical references and index.
520 _aContributed articles published to commemorate a festschrift of Prof. M.S. Venkataramani (1925-2006).
650 _aMulticultural education
_zIndia
650 _aEducation, Bilingual
_zIndia
650 _aEducation
_xPolitical aspects
_zIndia
942 _2ddc
_cEN
_mYAD
_h370.1170954
999 _c16302
_d16302